Widok standardowy
Widok MARC
Pozycja Corporate Name
Liczba rekordów, w których użyto hasła: 1
001 - Numer kontrolny
- control field: 40901
003 - Identyfikator numeru kontrolnego
- control field: NUKAT
005 - Data i czas ostatniej modyfikacji
- control field: 20260429133532.0
008 - Dane kontrolne kodowane (40 znaków)
- fixed length control field: 050120n||azznnbabn |a ana |
010 ## - Numer kontrolny Biblioteki Kongresu
- numer kontrolny LC: p 2004320122
035 ## - Numer systemowy
- numer systemowy: a12133450
035 ## - Numer systemowy
- numer systemowy: (PL)a0000001213345
040 ## - Instytucja sporządzająca rekord
- inst. przygot. dane do rek. khw: WA N
- język haseł przedmiotowych/tezaurus: DBN
- inst. wprow. rek. khw: WA N
043 ## - Kod obszaru geograficznego
- ISO code: PL
- ISO code: DE
046 ## - Special dates
- Establishment date: 1939
- Termination date: 1944
110 2# - Hasło - nazwa ciała zbiorowego
- nazwa ciała zbior. lub geogr. na pocz.: Policja Polska Generalnego Gubernatorstwa
377 ## - Assoc lang
- Lang code: pol
- Lang code: ger
410 2# - Trop zob. - nazwa ciała zbiorowego
- nazwa ciała zbior. lub geogr. na pocz.: Blaue Polizei
410 2# - Trop zob. - nazwa ciała zbiorowego
- nazwa ciała zbior. lub geogr. na pocz.: Policja granatowa
410 2# - Trop zob. - nazwa ciała zbiorowego
- nazwa ciała zbior. lub geogr. na pocz.: Polnische Polizei im Generalgouvernement
410 2# - Trop zob. - nazwa ciała zbiorowego
- nazwa ciała zbior. lub geogr. na pocz.: PP
510 2# - Trop zob. też - nazwa ciała zbiorowego
- podpole kontrolne: h
- nazwa ciała zbior. lub geogr. na pocz.: Komenda Policji Polskiej m. Warszawy (Policja Polska Generalnego Gubernatorstwa)
551 ## - Trop zob. też - nazwa geograficzna
- nazwa geograficzna: Generalne Gubernatorstwo (1939-1945)
670 ## - Źródło informacji
- źródło informacji: NEP